Beliefs and fertility in Bangladesh / (Record no. 36660)
[ view plain ]
| 000 -LEADER | |
|---|---|
| fixed length control field | 01341nam a2200349 a 4500 |
| 001 - CONTROL NUMBER | |
| control field | 36660 |
| 003 - CONTROL NUMBER IDENTIFIER | |
| rucl marc code | BD-RjUL |
| 005 - DATE AND TIME OF LATEST TRANSACTION | |
| control field | 20211209052521.0 |
| 008 - FIXED-LENGTH DATA ELEMENTS--GENERAL INFORMATION | |
| fixed length control field | 140805s1981 bg b 001 0 eng |
| 035 ## - SYSTEM CONTROL NUMBER | |
| System control number | (BD-RjUL) 36761 |
| 040 ## - CATALOGING SOURCE | |
| Original cataloging agency | DLC |
| Transcribing agency | DLC |
| Modifying agency | DLC |
| -- | BD-RjUL |
| Language of cataloging | eng |
| 041 ## - LANGUAGE CODE | |
| Language code of text/sound track or separate title | eng |
| 082 00 - DEWEY DECIMAL CLASSIFICATION NUMBER | |
| Classification number | 304.632095492 |
| Edition number | 19 |
| Author mark and year | MAL 1981 |
| 100 1# - MAIN ENTRY--PERSONAL NAME | |
| Personal name | Maloney, Clarence. |
| 9 (RLIN) | 53812 |
| 245 10 - TITLE STATEMENT | |
| Title | Beliefs and fertility in Bangladesh / |
| Statement of responsibility, etc. | Clarence Maloney, K.M. Ashraful Aziz, Profulla C. Sarker. |
| 260 ## - PUBLICATION, DISTRIBUTION, ETC. (IMPRINT) | |
| Place of publication, distribution, etc. | Dacca, Bangladesh : |
| Name of publisher, distributor, etc. | International Centre for Diarrhoeal Disease Research, Bangladesh, |
| Date of publication, distribution, etc. | 1981. |
| 300 ## - PHYSICAL DESCRIPTION | |
| Pagination | xv, 366 p. ; |
| Size | 25 cm. |
| 490 1# - SERIES STATEMENT | |
| Series statement | Monograph / International Centre for Diarrhoeal Disease Research, Bangladesh ; |
| Volume/sequential designation | no. 2 |
| 500 ## - GENERAL NOTE | |
| General note | Includes index. |
| 504 ## - BIBLIOGRAPHY, ETC. NOTE | |
| Bibliography, etc | Bibliography: p. [342]-356. |
| 650 #0 - SUBJECT ADDED ENTRY--TOPICAL TERM | |
| Topical term or geographic name as entry element | Fertility, Human |
| Geographic subdivision | Bangladesh. |
| 9 (RLIN) | 111767 |
| Topical term or geographic name as entry element | Birth control |
| Geographic subdivision | Bangladesh. |
| 9 (RLIN) | 53814 |
| Topical term or geographic name as entry element | Birth control |
| General subdivision | Moral and ethical aspects. |
| 9 (RLIN) | 53815 |
| 651 #0 - SUBJECT ADDED ENTRY--GEOGRAPHIC NAME | |
| Geographic name | Bangladesh |
| General subdivision | Social life and customs. |
| 9 (RLIN) | 111768 |
| 700 1# - ADDED ENTRY--PERSONAL NAME | |
| Personal name | Aziz, K. M. Ashraful. |
| Personal name | Sarker, Profulla Chandra. |
| 830 #0 - SERIES ADDED ENTRY--UNIFORM TITLE | |
| Volume number/sequential designation | no. 2. |
| 830 #0 - SERIES ADDED ENTRY--UNIFORM TITLE | |
| Uniform title | Monograph (International Centre for Diarrhoeal Disease Research, Bangladesh) ; |
| 942 ## - ADDED ENTRY ELEMENTS (KOHA) | |
| Source of classification or shelving scheme | Dewey Decimal Classification |
| Koha item type | Books |
| Lost status | Source of classification or shelving scheme | Damaged status | Not for loan | Permanent Location | Current Location | Shelving location | Date acquired | Total Checkouts | Full call number | Date last seen | Copy number | Koha item type |
|---|---|---|---|---|---|---|---|---|---|---|---|---|
| Dewey Decimal Classification | Not For Loan | Institute of Biological Sciences (IBSc) Library | Institute of Biological Sciences (IBSc) Library | 05/08/2014 | 304.632095492 MAL 1981 | 05/08/2014 | C-1 | Books | ||||
| Dewey Decimal Classification | Not For Loan | Institute of Biological Sciences (IBSc) Library | Institute of Biological Sciences (IBSc) Library | 05/08/2014 | 304.632095492 MAL 1981 | 05/08/2014 | C-2 | Books |